[Event "Wch Seniors 65 29th"]
[Site "Bucharest"]
[Date "2019.11.21"]
[Round "9"]
[White "Degtiarev, Viktor"]
[Black "Lee, Wing Kin"]
[Result "0-1"]
[WhiteElo "1653"]
[BlackElo "1193"]
[PlyCount "118"]
[EventDate "2019.11.12"]
[EventType "swiss"]
[EventRounds "11"]
[EventCountry "ROU"]
[SourceTitle "CBM 193 Extra"]
[Source "ChessBase"]
[SourceDate "2020.01.31"]
[SourceVersion "1"]
[SourceVersionDate "2020.01.31"]
[SourceQuality "1"]

1. e4 d5 2. exd5 Qxd5 3. Nc3 Qd6 4. d4 Nf6 5. Nf3 a6 6. Be2 Nc6 7. h3 e6 8. Be3 Be7 9. Qd2 0-0 10. a3 Qd8 11. 0-0-0 Nd5 12. Nxd5 exd5 13. g4 b5 14. Kb1 b4 15. a4 f5 16. g5 Bd6 17. Bf4 Re8 18. Bd3 Bxf4 19. Qxf4 Qd6 20. Qxd6 cxd6 21. b3 g6 22. h4 Kg7 23. Kb2 f4 24. Rdg1 Rf8 25. c3 bxc3+ 26. Kxc3 Bb7 27. h5 Rac8 28. Kb2 Nb4 29. Bb1 Rce8 30. hxg6 hxg6 31. Rh6 Re2+ 32. Ka3 a5 33. Rxg6+ Kf7 34. Rxd6 Bc8 35. Rb6 Bf5 36. Rb7+ Kg8 37. Rxb4 axb4+ 38. Kxb4 Bxb1 39. Rxb1 Rxf2 40. Ne5 f3 41. Ng4 Rg2 42. Nf6+ Kf7 43. Nxd5 f2 44. Ne3 Rg1 45. Nf1 Re8 46. a5 Re1 47. Rb2 Rgxf1 48. Rxf2+ Rxf2 49. Kc5 Ra1 50. b4 Rc2+ 51. Kb6 Rd1 52. a6 Rxd4 53. b5 Ra2 54. g6+ Kxg6 55. Kc7 Rda4 56. Kb6 Kf6 57. Kb7 Ke7 58. Kb6 Kd6 59. a7 Rb2 0-1

[Event "Wch Seniors 65 29th"]
[Site "Bucharest"]
[Date "2019.11.18"]
[Round "6"]
[White "Degtiarev, Viktor"]
[Black "Marcovici, Adrian"]
[Result "0-1"]
[WhiteElo "1653"]
[BlackElo "1921"]
[PlyCount "118"]
[EventDate "2019.11.12"]
[EventType "swiss"]
[EventRounds "11"]
[EventCountry "ROU"]
[SourceTitle "CBM 193 Extra"]
[Source "ChessBase"]
[SourceDate "2020.01.31"]
[SourceVersion "1"]
[SourceVersionDate "2020.01.31"]
[SourceQuality "1"]

1. e4 c5 2. a3 Nc6 3. b4 e5 4. b5 Nd4 5. Nc3 Nf6 6. d3 Qa5 7. Bd2 Nxb5 8. Nd5 Qd8 9. Bg5 Be7 10. Bxf6 Bxf6 11. a4 Nc7 12. Ne3 d5 13. exd5 Nxd5 14. Nxd5 Qxd5 15. c4 Qd6 16. Rb1 0-0 17. Be2 Rb8 18. Bf3 b6 19. Ne2 Bb7 20. Ng3 Rfd8 21. Rb3 Qd7 22. Ra3 Be7 23. 0-0 g6 24. Re1 Bf6 25. Bxb7 Qxb7 26. Ne4 Bg7 27. Nc3 Re8 28. Nd5 Re6 29. Qf3 Qd7 30. h3 f5 31. g3 Rbe8 32. Qg2 h6 33. h4 Kh7 34. f3 Rf8 35. Kh2 Bf6 36. Re2 Bd8 37. Raa2 Rfe8 38. Kg1 Kg7 39. Qh1 a6 40. Kf2 Rf8 41. Qa1 Bf6 42. Qb1 Rfe8 43. Nxb6 Qd4+ 44. Kg2 Rb8 45. a5 Bd8 46. Rab2 Bxb6 47. Rxb6 Rexb6 48. axb6 Qd6 49. b7 Qc7 50. Rb2 Qa5 51. Rb6 Qd2+ 52. Kh3 Qf2 53. Qa1 Qe2 54. Rb3 g5 55. g4 Qxf3+ 56. Kh2 Qe2+ 57. Kh1 fxg4 58. Qg1 Qf3+ 59. Qg2 Qd1+ 0-1

[Event "Wch Seniors 65 29th"]
[Site "Bucharest"]
[Date "2019.11.13"]
[Round "2"]
[White "Degtiarev, Viktor"]
[Black "James, Kevin"]
[Result "0-1"]
[WhiteElo "1653"]
[BlackElo "1953"]
[PlyCount "54"]
[EventDate "2019.11.12"]
[EventType "swiss"]
[EventRounds "11"]
[EventCountry "ROU"]
[SourceTitle "CBM 193 Extra"]
[Source "ChessBase"]
[SourceDate "2020.01.31"]
[SourceVersion "1"]
[SourceVersionDate "2020.01.31"]
[SourceQuality "1"]

1. e4 c6 2. d4 d5 3. Nd2 dxe4 4. Nxe4 Bf5 5. Ng3 Bg6 6. c3 e6 7. Nf3 Bd6 8. Bd3 Bxd3 9. Qxd3 Nf6 10. Bg5 Nbd7 11. Ne4 Be7 12. 0-0 Nxe4 13. Bxe7 Qxe7 14. Qxe4 0-0 15. Rfe1 Rfd8 16. Rad1 Nf6 17. Qc2 Rac8 18. Ne5 g6 19. Re3 Rd5 20. b4 Rcd8 21. a4 c5 22. bxc5 Qxc5 23. Qb3 Qc7 24. Rde1 Ne8 25. g3 Nd6 26. Kg2 Nc8 27. Nf3 Nd6 0-1

[Event "Voronezh op-B 23rd"]
[Site "Voronezh"]
[Date "2019.06.12"]
[Round "1"]
[White "Degtiarev, Viktor"]
[Black "Fadin, Evgeny"]
[Result "1/2-1/2"]
[WhiteElo "1655"]
[BlackElo "2020"]
[PlyCount "83"]
[EventDate "2019.06.12"]
[EventType "swiss"]
[EventRounds "9"]
[EventCountry "RUS"]
[SourceTitle "EXT 2020"]
[Source "ChessBase"]
[SourceDate "2019.10.17"]
[SourceVersion "1"]
[SourceVersionDate "2019.10.17"]
[SourceQuality "1"]

1. e4 c5 2. Nf3 d6 3. d4 cxd4 4. Nxd4 Nf6 5. Nc3 Nc6 6. Be2 e6 7. Be3 Be7 8. Qd2 a6 9. f4 Qc7 10. Bf3 0-0 11. 0-0-0 Rd8 12. Qf2 Na5 13. Nxe6 Bxe6 14. Bb6 Qc4 15. Bxa5 Rdc8 16. Qd4 Ne8 17. e5 dxe5 18. fxe5 Rab8 19. Bb6 Bb4 20. Qxc4 Rxc4 21. Bd5 Rg4 22. Bxe6 fxe6 23. g3 Bxc3 24. bxc3 Rc4 25. Kb2 Rc6 26. Be3 Rbc8 27. Rd3 Nc7 28. Rd6 Nd5 29. Rxc6 Rxc6 30. Bd4 Kf7 31. a4 Ke8 32. Kb3 Rc7 33. c4 Ne7 34. Bc3 Nc6 35. Rf1 Rf7 36. Rf4 Rf5 37. Re4 Kf7 38. g4 Rf3 39. h4 Kg6 40. c5 h5 41. Kb2 Rf7 42. Kb3 1/2-1/2

[Event "Wch Seniors 65 28th"]
[Site "Bled"]
[Date "2018.11.20"]
[Round "3"]
[White "Degtiarev, Viktor"]
[Black "Doubleday, William G"]
[Result "0-1"]
[WhiteElo "1676"]
[BlackElo "1929"]
[PlyCount "90"]
[EventDate "2018.11.18"]
[EventType "swiss"]
[EventRounds "11"]
[EventCountry "SLO"]
[SourceTitle "CBM 187 Extra"]
[Source "ChessBase"]
[SourceDate "2018.11.04"]
[SourceVersion "1"]
[SourceVersionDate "2018.11.04"]
[SourceQuality "1"]

1. e4 c5 2. Nf3 Nc6 3. d4 cxd4 4. Nxd4 Qb6 5. Nb3 Nf6 6. Nc3 e6 7. Bd3 d6 8. 0-0 Be7 9. Qe2 0-0 10. Bg5 a6 11. Kh1 Bd7 12. f4 Nb4 13. e5 Nfd5 14. Nxd5 Nxd5 15. c4 Bxg5 16. cxd5 Be7 17. dxe6 fxe6 18. Qh5 h6 19. Qg6 Rf5 20. Bxf5 exf5 21. Rad1 Rf8 22. Rf3 Kh8 23. Rg3 Rg8 24. Rh3 Rc8 25. e6 Be8 26. Qxf5 Qf2 27. Rf3 Qxb2 28. Qb1 Qxb1 29. Rxb1 Bf6 30. Rc1 Bc6 31. Rd3 Rd8 32. Kg1 Kg8 33. Nd4 Be4 34. Rdd1 Kf8 35. g4 Ke8 36. Kf2 b5 37. Rc7 Ra8 38. Nf5 Bxf5 39. gxf5 b4 40. Rxd6 a5 41. Rdd7 a4 42. Rb7 b3 43. axb3 a3 44. Ra7 Rxa7 45. Rxa7 Bd4+ 0-1

[Event "Sochi ChessAmateur op10"]
[Site "Sochi"]
[Date "2018.10.15"]
[Round "6"]
[White "Butvin, Andrey"]
[Black "Degtiarev, Viktor"]
[Result "0-1"]
[WhiteElo "1802"]
[BlackElo "1693"]
[PlyCount "74"]
[EventDate "2018.10.12"]
[EventType "swiss"]
[EventRounds "9"]
[EventCountry "RUS"]
[SourceTitle "CBM 187 Extra"]
[Source "ChessBase"]
[SourceDate "2018.11.04"]
[SourceVersion "1"]
[SourceVersionDate "2018.11.04"]
[SourceQuality "1"]

1. Nf3 d5 2. g3 c6 3. Bg2 Nf6 4. 0-0 Qc7 5. d4 e6 6. b3 Be7 7. c4 Nbd7 8. Nc3 Bb4 9. Bb2 0-0 10. Rc1 h6 11. a3 Bxc3 12. Bxc3 Ne4 13. Bb2 f5 14. e3 Qd8 15. a4 b6 16. cxd5 cxd5 17. Ba3 Rf7 18. Qe2 a5 19. Qb2 Ba6 20. Rfd1 g5 21. Rc6 Qe8 22. Rdc1 g4 23. Ne5 Nxe5 24. dxe5 Nc5 25. Rxb6 Nd3 26. Qd2 Nxc1 27. Qxc1 Bd3 28. Qc5 Rd7 29. Bf1 Bxf1 30. Kxf1 Kf7 31. Rb5 Qd8 32. b4 Rc8 33. Qd4 Rc4 34. Qd3 axb4 35. Bxb4 Qa8 36. a5 Rc1+ 37. Ke2 d4 0-1

[Event "Sochi ChessAmateur op10"]
[Site "Sochi"]
[Date "2018.10.13"]
[Round "2"]
[White "Ostapchik, Anton"]
[Black "Degtiarev, Viktor"]
[Result "1-0"]
[WhiteElo "2047"]
[BlackElo "1693"]
[PlyCount "78"]
[EventDate "2018.10.12"]
[EventType "swiss"]
[EventRounds "9"]
[EventCountry "RUS"]
[SourceTitle "CBM 187 Extra"]
[Source "ChessBase"]
[SourceDate "2018.11.04"]
[SourceVersion "1"]
[SourceVersionDate "2018.11.04"]
[SourceQuality "1"]

1. d4 c5 2. Nf3 cxd4 3. Nxd4 Nc6 4. g3 Nf6 5. Bg2 g6 6. 0-0 Bg7 7. Nc3 0-0 8. h3 a6 9. Nb3 d6 10. e4 Qc7 11. Bg5 e6 12. f4 h6 13. Bh4 Nh7 14. g4 b5 15. e5 dxe5 16. f5 g5 17. Bg3 Bb7 18. Nc5 Na5 19. Nxb7 Nxb7 20. Qe2 Rad8 21. f6 Bxf6 22. Rxf6 Nxf6 23. Bxe5 Qb6+ 24. Kh1 Nd5 25. Ne4 f5 26. gxf5 exf5 27. Nc3 Nf6 28. Qf3 Nd6 29. Bxf6 Rxf6 30. Nd5 Qd4 31. Nxf6+ Qxf6 32. Qc6 Ne8 33. Qb7 Ng7 34. Re1 Re8 35. Rxe8+ Nxe8 36. Bc6 Ng7 37. Qxa6 Qxb2 38. Qxb5 Qc1+ 39. Kh2 Qxc2+ 1-0

[Event "Voronezh op-B 22nd"]
[Site "Voronezh"]
[Date "2018.06.15"]
[Round "4"]
[White "Degtiarev, Viktor"]
[Black "Netsvetaev, Kirill"]
[Result "0-1"]
[WhiteElo "1772"]
[BlackElo "1536"]
[PlyCount "100"]
[EventDate "2018.06.12"]
[EventType "swiss"]
[EventRounds "9"]
[EventCountry "RUS"]
[SourceTitle "CBM 185 Extra"]
[Source "ChessBase"]
[SourceDate "2018.07.29"]
[SourceVersion "1"]
[SourceVersionDate "2018.07.29"]
[SourceQuality "1"]

1. e4 Nf6 2. Nc3 d5 3. e5 d4 4. exf6 dxc3 5. fxg7 cxd2+ 6. Bxd2 Bxg7 7. c3 Nc6 8. Nf3 Bg4 9. Be2 Qd6 10. Qa4 Bd7 11. 0-0 Nd4 12. Qd1 Nxe2+ 13. Qxe2 Bc6 14. Rad1 0-0-0 15. Be3 Bb5 16. Rxd6 Bxe2 17. Rxd8+ Rxd8 18. Re1 Rd1 19. Rxd1 Bxd1 20. Ng5 Bh5 21. h3 h6 22. Ne4 Bg6 23. Nd2 a6 24. g4 e5 25. Kg2 Kd7 26. Kg3 Ke6 27. f3 b5 28. Ne4 Bf8 29. g5 hxg5 30. Nxg5+ Kd5 31. h4 Bh6 32. f4 f6 33. Nh3 Bb1 34. a3 Ke4 35. Bc1 Kd3 36. Nf2+ Kc2 37. Ng4 Kxc1 38. Nxh6 Kxb2 39. f5 Kxc3 40. Kg4 Kd2 41. Ng8 e4 42. Nxf6 e3 43. h5 e2 44. h6 e1Q 45. h7 Qh1 46. Kg5 Bxf5 47. Kxf5 Qh6 48. Ne4+ Kc1 49. Ng5 c5 50. Ke5 Kb2 0-1

[Event "Voronezh op-B 22nd"]
[Site "Voronezh"]
[Date "2018.06.14"]
[Round "3"]
[White "Titarenko, Pavel"]
[Black "Degtiarev, Viktor"]
[Result "1/2-1/2"]
[WhiteElo "1520"]
[BlackElo "1772"]
[PlyCount "82"]
[EventDate "2018.06.12"]
[EventType "swiss"]
[EventRounds "9"]
[EventCountry "RUS"]
[SourceTitle "CBM 185 Extra"]
[Source "ChessBase"]
[SourceDate "2018.07.29"]
[SourceVersion "1"]
[SourceVersionDate "2018.07.29"]
[SourceQuality "1"]

1. d4 c5 2. c3 cxd4 3. cxd4 d5 4. Bf4 Nc6 5. Nf3 Nf6 6. e3 Nh5 7. Bg3 Nxg3 8. hxg3 Bg4 9. Nc3 a6 10. Qb3 b5 11. Qxd5 Bd7 12. Ne5 Nxe5 13. dxe5 e6 14. Qd3 g6 15. Rd1 Bb4 16. Rh4 Bxc3+ 17. Qxc3 Qc8 18. Qa5 0-0 19. Qb4 Kg7 20. Qf4 Rh8 21. Qf6+ Kg8 22. Rf4 Be8 23. Be2 Qc7 24. Bf3 Rc8 25. Bg4 Qc6 26. Rfd4 h5 27. Bf3 Qc7 28. Rf4 Rh7 29. Be4 Rg7 30. g4 g5 31. Rf3 h4 32. Rh3 Bc6 33. Bxc6 Qxc6 34. Rd8+ Rxd8 35. Qxd8+ Kh7 36. Rxh4+ gxh4 37. Qxh4+ Kg8 38. Qd8+ Kh7 39. Qh4+ Kg8 40. Qd8+ Kh7 41. Qh4+ Kg8 1/2-1/2

[Event "Wch Seniors 65 26th"]
[Site "Marianske Lazne"]
[Date "2016.11.30"]
[Round "11"]
[White "Gamboa Gonzalez, Anibal"]
[Black "Degtiarev, Viktor"]
[Result "1-0"]
[WhiteElo "2040"]
[BlackElo "1823"]
[PlyCount "81"]
[EventDate "2016.11.19"]
[EventType "swiss"]
[EventRounds "11"]
[EventCountry "CZE"]
[SourceTitle "EXT 2023"]
[Source "ChessBase"]
[SourceDate "2022.10.05"]
[SourceVersion "1"]
[SourceVersionDate "2022.10.05"]
[SourceQuality "1"]

1. b3 d5 2. Bb2 c5 3. e3 Nc6 4. f4 a6 5. Nf3 Qc7 6. Be2 f6 7. 0-0 Nh6 8. c4 e6 9. Nc3 d4 10. Ne4 e5 11. fxe5 fxe5 12. Neg5 Be7 13. Bd3 g6 14. Be4 Bg4 15. Qe1 0-0-0 16. Qh4 Bxf3 17. Rxf3 Bxg5 18. Qxg5 Nf7 19. Qf6 Nh6 20. Raf1 Rhg8 21. Bxc6 bxc6 22. Ba3 dxe3 23. dxe3 Ng4 24. Qe6+ Qd7 25. Qxd7+ Rxd7 26. h3 Nh6 27. g4 e4 28. Rf6 Kc7 29. Bxc5 Re8 30. R1f2 Rg7 31. Bf8 Rxf8 32. Rxf8 Re7 33. R2f6 Kb7 34. Kf2 Kb6 35. b4 a5 36. b5 Rc7 37. Kg3 Kc5 38. Rxc6+ Rxc6 39. bxc6 Kxc6 40. Kf4 Kc5 41. Kg5 1-0

[Event "Wch Seniors 65 26th"]
[Site "Marianske Lazne"]
[Date "2016.11.19"]
[Round "1"]
[White "Kende, Gyorgy"]
[Black "Degtiarev, Viktor"]
[Result "1-0"]
[WhiteElo "2145"]
[BlackElo "1823"]
[PlyCount "85"]
[EventDate "2016.11.19"]
[EventType "swiss"]
[EventRounds "11"]
[EventCountry "CZE"]
[SourceTitle "CBM 175 Extra"]
[Source "ChessBase"]
[SourceDate "2016.12.12"]
[SourceVersion "1"]
[SourceVersionDate "2016.12.12"]
[SourceQuality "1"]

1. e4 c5 2. Nf3 d6 3. d3 Nc6 4. g3 g6 5. Bg2 Bg7 6. 0-0 Bg4 7. h3 Bxf3 8. Bxf3 Nf6 9. Bg2 0-0 10. Nd2 e6 11. c3 Rc8 12. Qe2 a6 13. Nb3 b5 14. Be3 Qc7 15. d4 c4 16. Nd2 d5 17. e5 Nd7 18. Bf4 Nb6 19. Nf3 h6 20. h4 Qe7 21. Qd2 Kh7 22. Rfe1 b4 23. Nh2 bxc3 24. bxc3 Nd7 25. Ng4 h5 26. Nh2 Rb8 27. Nf3 Qa3 28. Ng5+ Kg8 29. Rab1 Rb5 30. g4 hxg4 31. h5 Rfb8 32. Rxb5 Rxb5 33. hxg6 fxg6 34. Nxe6 Nf8 35. Nc7 Ra5 36. Bxd5+ Rxd5 37. Nxd5 Ne6 38. Nf6+ Kh8 39. d5 Nxf4 40. Qxf4 Qxc3 41. Qh2+ Qh3 42. Qxh3+ gxh3 43. dxc6 1-0

[Event "EU-ch Seniors 65 16th"]
[Site "Yerevan"]
[Date "2016.06.11"]
[Round "7"]
[White "Degtiarev, Viktor"]
[Black "Zhelesny, Stanislav"]
[Result "0-1"]
[WhiteElo "1806"]
[BlackElo "2079"]
[PlyCount "102"]
[EventDate "2016.06.05"]
[EventType "swiss"]
[EventRounds "9"]
[EventCountry "ARM"]
[SourceTitle "CBM 172 Extra"]
[Source "ChessBase"]
[SourceDate "2016.06.21"]
[SourceVersion "1"]
[SourceVersionDate "2016.06.21"]
[SourceQuality "1"]

1. c4 Nf6 2. Nc3 d5 3. e3 c6 4. Nf3 g6 5. cxd5 Nxd5 6. d4 Bg7 7. Nxd5 Qxd5 8. Qc2 Bf5 9. Bd3 Bxd3 10. Qxd3 Qa5+ 11. Bd2 Qa6 12. Qxa6 Nxa6 13. 0-0 0-0 14. Bc3 Rfd8 15. Rac1 Rac8 16. Rfe1 e6 17. Kf1 Bf8 18. a3 Be7 19. h3 f6 20. Ke2 Kf7 21. Red1 h5 22. g4 hxg4 23. hxg4 g5 24. Rh1 Rh8 25. Nd2 Nc7 26. Ne4 Nd5 27. Bd2 Kg6 28. b4 f5 29. gxf5+ exf5 30. Nc5 Rxh1 31. Rxh1 Bxc5 32. bxc5 Re8 33. Kd3 Nf6 34. f3 g4 35. Rg1 Rh8 36. Be1 Rh3 37. fxg4 fxg4 38. a4 Kf5 39. Rf1+ Rf3 40. Rg1 Nd5 41. Bd2 Nf4+ 42. Kc2 Ne2 43. Rg2 Ng3 44. Kd3 Nf1 45. Bc1 g3 46. a5 Kg4 47. Ke2 Rf7 48. e4 Kh3 49. Rg1 Kh2 50. Rxf1 Rxf1 51. Be3 g2 0-1

[Event "EU-ch Seniors 65 16th"]
[Site "Yerevan"]
[Date "2016.06.09"]
[Round "5"]
[White "Degtiarev, Viktor"]
[Black "Vagner, Grigorij"]
[Result "1-0"]
[WhiteElo "1806"]
[BlackElo "1913"]
[PlyCount "161"]
[EventDate "2016.06.05"]
[EventType "swiss"]
[EventRounds "9"]
[EventCountry "ARM"]
[SourceTitle "CBM 172 Extra"]
[Source "ChessBase"]
[SourceDate "2016.06.21"]
[SourceVersion "1"]
[SourceVersionDate "2016.06.21"]
[SourceQuality "1"]

1. e4 e6 2. d4 d5 3. Nd2 c5 4. c3 Nc6 5. Ne2 Nf6 6. e5 Nd7 7. f4 Qb6 8. Nf3 cxd4 9. cxd4 Bb4+ 10. Bd2 0-0 11. a3 Be7 12. Bc3 f6 13. Ng3 fxe5 14. fxe5 Rf7 15. Bd3 Nf8 16. Qd2 h6 17. 0-0-0 Bd7 18. Rdf1 Rc8 19. Bc2 Nd8 20. h4 Bb5 21. Rf2 Qa6 22. Kb1 Qc6 23. Bb4 b6 24. Rc1 Qd7 25. Bxe7 Rxe7 26. Nh5 Nf7 27. g4 Qd8 28. g5 Rec7 29. gxh6 Nxh6 30. Rg2 Nf5 31. Qf4 Bd3 32. Ne1 Be4 33. Nf6+ Kf7 34. Nxe4 dxe4 35. Qxe4 Qxd4 36. Qxd4 Nxd4 37. Rd1 Nxc2 38. Nxc2 Rd7 39. Rf1+ Kg8 40. Ne3 Kh7 41. h5 Kh8 42. Rgf2 Kg8 43. Ng4 Nh7 44. Rf4 Rdc7 45. Ka2 Rf8 46. Kb3 Rcf7 47. Rxf7 Rxf7 48. Rxf7 Kxf7 49. Kc4 a6 50. a4 Ke7 51. b4 Kd7 52. a5 Kc6 53. axb6 Kxb6 54. h6 gxh6 55. Nxh6 Ng5 56. Ng4 Nf7 57. Kc3 Kb5 58. Kb3 Nd8 59. Nf2 Nc6 60. Nd3 Nd4+ 61. Kc3 Ne2+ 62. Kb3 Nd4+ 63. Kc3 Nc6 64. Kb3 Nd8 65. Kc3 Nc6 66. Kb3 Ne7 67. Kc3 Kc6 68. Kc4 Nd5 69. Nc5 Nc7 70. Nxa6 Nb5 71. Nc5 Nc7 72. Nb3 Nd5 73. Nd4+ Kd7 74. Kc5 Ne7 75. b5 Ng6 76. Nc6 Nf4 77. b6 Nd3+ 78. Kb5 Kc8 79. Ka6 Nc5+ 80. Ka7 Nb7 81. Ne7+ 1-0

[Event "EU-ch Seniors 65 16th"]
[Site "Yerevan"]
[Date "2016.06.07"]
[Round "3"]
[White "Degtiarev, Viktor"]
[Black "Patola, Eero"]
[Result "1-0"]
[WhiteElo "1806"]
[BlackElo "1926"]
[PlyCount "125"]
[EventDate "2016.06.05"]
[EventType "swiss"]
[EventRounds "9"]
[EventCountry "ARM"]
[SourceTitle "CBM 172 Extra"]
[Source "ChessBase"]
[SourceDate "2016.06.21"]
[SourceVersion "1"]
[SourceVersionDate "2016.06.21"]
[SourceQuality "1"]

1. e4 d5 2. exd5 Nf6 3. d4 Nxd5 4. c4 Nb6 5. Nc3 Bf5 6. Nf3 e6 7. a3 Nc6 8. Be3 Bg4 9. Be2 Qd7 10. b3 0-0-0 11. 0-0 Bxf3 12. Bxf3 Nxd4 13. Bxd4 Qxd4 14. Qxd4 Rxd4 15. Nb5 Rd3 16. Nxa7+ Kb8 17. Nb5 Rxb3 18. Rfd1 Be7 19. a4 Bf6 20. Rac1 Rd8 21. a5 Nxc4 22. Nxc7 Rxd1+ 23. Bxd1 Rc3 24. Rxc3 Bxc3 25. Ne8 Nxa5 26. Nd6 f6 27. Kf1 Be5 28. Nb5 Nc6 29. g3 g5 30. Bb3 Nd8 31. Ke2 b6 32. Ke3 Kb7 33. f4 gxf4+ 34. gxf4 Bb2 35. Nd6+ Kc6 36. Ne4 e5 37. f5 Bc1+ 38. Kf3 Kb5 39. Nxf6 Nc6 40. Ke4 h6 41. Ng4 Nd4 42. Bd1 Bf4 43. h3 Nxf5 44. Kxf5 Kc5 45. Nxe5 Bd2 46. Kg6 Kd5 47. Nf7 Ke6 48. Nxh6 Be1 49. Bb3+ Ke7 50. Kf5 b5 51. Ng4 b4 52. Ne3 Kf8 53. Nc2 Bd2 54. Kg6 Ke7 55. h4 Kd6 56. Nd4 Ke7 57. Nf3 Bc3 58. h5 Kf8 59. h6 Bb2 60. Ng5 Bc3 61. Ne6+ Kg8 62. h7+ Kh8 63. Ng5 1-0

[Event "Voronezh op-B 19th"]
[Site "Voronezh"]
[Date "2015.06.14"]
[Round "3"]
[White "Degtiarev, Viktor"]
[Black "Borisova, Polina I"]
[Result "0-1"]
[WhiteElo "1887"]
[BlackElo "1733"]
[PlyCount "36"]
[EventDate "2015.06.12"]
[EventType "swiss"]
[EventRounds "9"]
[EventCountry "RUS"]
[SourceTitle "CBM 167 Extra"]
[Source "ChessBase"]
[SourceDate "2015.09.14"]
[SourceVersion "1"]
[SourceVersionDate "2015.09.14"]
[SourceQuality "1"]

1. e4 e5 2. Nf3 Nc6 3. Bb5 a6 4. Ba4 Nf6 5. Nc3 b5 6. Bb3 Bc5 7. Nxe5 Nxe5 8. d4 Bd6 9. dxe5 Bxe5 10. 0-0 0-0 11. f3 h6 12. Bd2 Bb7 13. a3 d5 14. exd5 Nxd5 15. Rb1 Qh4 16. f4 Nxf4 17. Qe1 Ne2+ 18. Qxe2 Bxh2+ 0-1

[Event "Voronezh op-B 18th"]
[Site "Voronezh"]
[Date "2014.06.18"]
[Round "7"]
[White "Degtiarev, Viktor"]
[Black "Sychev, Victor"]
[Result "0-1"]
[WhiteElo "1880"]
[BlackElo "1736"]
[PlyCount "75"]
[EventDate "2014.06.12"]
[EventType "swiss"]
[EventRounds "9"]
[EventCountry "RUS"]
[SourceTitle "EXT 2015"]
[Source "ChessBase"]
[SourceDate "2014.11.20"]
[SourceVersion "1"]
[SourceVersionDate "2014.11.20"]
[SourceQuality "1"]

1. e4 e5 2. Nf3 Nc6 3. Bc4 Bc5 4. c3 d6 5. d4 exd4 6. cxd4 Bb4+ 7. Nc3 Bg4 8. 0-0 Qf6 9. Nd5 Qd8 10. Nxb4 Nxb4 11. Qb3 a5 12. Bxf7+ Kd7 13. a3 Bxf3 14. Qe6+ Kc6 15. axb4 Be2 16. d5+ Kb5 17. Re1 Bc4 18. Rxa5+ Rxa5 19. bxa5 Nf6 20. Bg5 c5 21. Ra1 h6 22. Bxf6 Qxf6 23. Qxf6 gxf6 24. Be6 Ra8 25. Bd7+ Kb4 26. Ra4+ Kb3 27. Ra3+ Kxb2 28. Rh3 Rxa5 29. f3 Bb5 30. Bf5 Bd3 31. f4 c4 32. Kf2 b5 33. g4 b4 34. Rg3 b3 35. h4 Kc3 36. e5 b2 37. Bxd3 cxd3 38. Rg1 0-1

[Event "Voronezh op-B 18th"]
[Site "Voronezh"]
[Date "2014.06.17"]
[Round "6"]
[White "Astakhov, Alexander"]
[Black "Degtiarev, Viktor"]
[Result "1-0"]
[WhiteElo "1751"]
[BlackElo "1880"]
[PlyCount "77"]
[EventDate "2014.06.12"]
[EventType "swiss"]
[EventRounds "9"]
[EventCountry "RUS"]
[SourceTitle "EXT 2015"]
[Source "ChessBase"]
[SourceDate "2014.11.20"]
[SourceVersion "1"]
[SourceVersionDate "2014.11.20"]
[SourceQuality "1"]

1. c4 e5 2. Nc3 Nc6 3. g3 g6 4. Bg2 Bg7 5. d3 d6 6. Nf3 Nge7 7. e4 Bg4 8. h3 Bxf3 9. Bxf3 Qd7 10. Be3 h5 11. Qd2 Nd4 12. Bxd4 exd4 13. Nd5 Nc6 14. Bg2 0-0-0 15. b4 f5 16. b5 Ne5 17. f4 Nf7 18. Qa5 Kb8 19. Rb1 Rde8 20. Rb3 b6 21. Qa4 Qc8 22. Ra3 Qb7 23. Kf2 fxe4 24. dxe4 Nd8 25. Nb4 Be5 26. Nc6+ Nxc6 27. bxc6 Qa8 28. fxe5 dxe5 29. Rb1 Rhf8+ 30. Kg1 Rf6 31. Rb5 Rxc6 32. Rd5 Qb7 33. h4 a5 34. Bh3 Re7 35. Rd8+ Ka7 36. Bc8 Qa8 37. Qb5 Rd6 38. Qa6+ Kb8 39. Bb7+ 1-0

[Event "Voronezh op-B 18th"]
[Site "Voronezh"]
[Date "2014.06.14"]
[Round "3"]
[White "Degtiarev, Viktor"]
[Black "Lyubokhiner, Leonid M"]
[Result "0-1"]
[WhiteElo "1880"]
[BlackElo "1714"]
[PlyCount "70"]
[EventDate "2014.06.12"]
[EventType "swiss"]
[EventRounds "9"]
[EventCountry "RUS"]
[SourceTitle "EXT 2015"]
[Source "ChessBase"]
[SourceDate "2014.11.20"]
[SourceVersion "1"]
[SourceVersionDate "2014.11.20"]
[SourceQuality "1"]

1. e4 e5 2. f4 exf4 3. Nf3 g5 4. Bc4 d6 5. 0-0 Nc6 6. d4 h6 7. h3 Nf6 8. Qe2 Nh5 9. Re1 Ng3 10. Qd3 Bg7 11. c3 Na5 12. Nbd2 Nxc4 13. Qxc4 0-0 14. Nf1 Be6 15. d5 Bd7 16. Nxg3 fxg3 17. Be3 g4 18. hxg4 Bxg4 19. Bf4 Bxf3 20. gxf3 Qh4 21. Be3 Qh2+ 22. Kf1 Qh1+ 23. Ke2 Qg2+ 24. Kd3 b5 25. Qxc7 Rac8 26. Qxa7 Qxb2 27. Bd4 Rc4 28. Rab1 Bxd4 29. Rxb2 Bxa7 30. Rxb5 Rc7 31. Rb2 Bf2 32. Rc1 Rfc8 33. f4 h5 34. Rbc2 h4 35. Rh1 g2 0-1

[Event "Voronezh op-B 18th"]
[Site "Voronezh"]
[Date "2014.06.12"]
[Round "1"]
[White "Degtiarev, Viktor"]
[Black "Lomakina, Galja"]
[Result "1/2-1/2"]
[WhiteElo "1880"]
[BlackElo "2128"]
[PlyCount "81"]
[EventDate "2014.06.12"]
[EventType "swiss"]
[EventRounds "9"]
[EventCountry "RUS"]
[SourceTitle "EXT 2015"]
[Source "ChessBase"]
[SourceDate "2014.11.20"]
[SourceVersion "1"]
[SourceVersionDate "2014.11.20"]
[SourceQuality "1"]

1. e4 g6 2. Nf3 Bg7 3. d4 d6 4. c3 Nf6 5. Bd3 0-0 6. 0-0 b6 7. e5 dxe5 8. Nxe5 Bb7 9. Be3 Nd5 10. Nd2 Nd7 11. Nxd7 Qxd7 12. Qe2 Rad8 13. Rad1 Nxe3 14. fxe3 e5 15. Be4 Bxe4 16. Nxe4 Qe7 17. Qf3 f5 18. Ng3 f4 19. exf4 Rxf4 20. Qe2 Rxf1+ 21. Rxf1 Qe6 22. a3 Qd5 23. dxe5 Qxe5 24. Qxe5 Bxe5 25. Ne4 h6 26. g3 Kg7 27. Kg2 a5 28. Rf2 Re8 29. Kf3 g5 30. Rd2 Kg6 31. Rd7 h5 32. Nd2 g4+ 33. Kf2 Bd6 34. b4 Rf8+ 35. Ke2 h4 36. Ne4 hxg3 37. hxg3 Be5 38. bxa5 bxa5 39. Rd5 Re8 40. Kd3 a4 41. Ra5 1/2-1/2

[Event "Voronezh op-B 17th"]
[Site "Voronezh"]
[Date "2013.06.16"]
[Round "5"]
[White "Usachev, Nikita"]
[Black "Degtiarev, Viktor"]
[Result "1/2-1/2"]
[WhiteElo "1754"]
[BlackElo "1835"]
[PlyCount "82"]
[EventDate "2013.06.12"]
[EventType "swiss"]
[EventRounds "9"]
[EventCountry "RUS"]
[SourceTitle "EXT 2014"]
[Source "ChessBase"]
[SourceDate "2013.11.20"]
[SourceVersion "1"]
[SourceVersionDate "2013.11.20"]
[SourceQuality "1"]

1. d4 c5 2. Nf3 cxd4 3. Nxd4 e6 4. e4 d6 5. Bc4 Nc6 6. 0-0 g6 7. Nc3 Bg7 8. Be3 Nge7 9. f4 0-0 10. f5 Bxd4 11. Bxd4 Nxd4 12. f6 Nec6 13. Qd2 Kh8 14. Qh6 Rg8 15. Rf4 Qf8 16. Qg5 a6 17. Rh4 Ne5 18. Rh3 Nd7 19. Rd1 e5 20. Rf1 b5 21. Qh4 Nxf6 22. Rxf6 Rg7 23. Bd5 Bxh3 24. Bxa8 Be6 25. Bd5 b4 26. Na4 Bxd5 27. exd5 Nf5 28. Qxb4 Qe7 29. Rxf5 gxf5 30. Qb6 Qg5 31. g3 Qc1+ 32. Kg2 Qxc2+ 33. Kg1 Qd1+ 34. Kg2 Qe2+ 35. Kg1 f4 36. Qxd6 f3 37. Qd8+ Rg8 38. Qf6+ Rg7 39. Qd8+ Rg8 40. Qf6+ Rg7 41. Qd8+ Rg8 1/2-1/2